| 000 | 00536nam a22001577a 4500 | ||
|---|---|---|---|
| 005 | 20251108164129.0 | ||
| 008 | 250721s1996 xx 000 0 ara d | ||
| 082 | 1 | 4 | _a301.15/مجد |
| 100 | 1 | _aعبد الله، مجدي أحمد محمد | |
| 245 | 1 | 0 |
_aالسلوك الإجتماعي و ديناميكيته : _bمحاولة تفسيرية / |
| 264 | 1 |
_aالقاهرة : _bدار المعرفة الجامعية، _c1996. |
|
| 300 | _a318ص | ||
| 650 | 1 | 7 | _aعلم النفس الإجتماعي |
| 942 |
_2ddc _cBK |
||
| 999 |
_c4376 _d4376 |
||